[Event "European Hybrid Qual 2021"]
[Site "Tornelo INT"]
[Date "2021.05.28"]
[Round "3.1"]
[White "Nasuta, Grzegorz"]
[Black "Predke, Alexandr"]
[Result "1/2-1/2"]
[WhiteTitle "GM"]
[BlackTitle "GM"]
[WhiteElo "2512"]
[BlackElo "2690"]
[WhiteFideId "1141686"]
[BlackFideId "24107581"]
[EventDate "2021.05.24"]
[EventType "k.o."]

1. e4 e5 2. Nf3 Nc6 3. Bc4 Bc5 4. c3 Nf6 5. d4 exd4 6. e5 d5 7. Bb5 Ne4 8. cxd4
Bb6 9. Nc3 O-O 10. Be3 Bg4 11. h3 Bh5 12. Qc2 Ba5 13. O-O Bxf3 14. gxf3 Ng5 15.
Qf5 Ne6 16. Bxc6 bxc6 17. Ne2 Rb8 18. b3 Qe8 19. f4 f6 20. Qg4 fxe5 21. fxe5 c5
22. f4 cxd4 23. Nxd4 Nxd4 24. Bxd4 Bb6 25. Rad1 c5 26. Bf2 d4 27. Bg3 h5 28. Qf3
Rf5 29. Kh1 Qe6 30. Bh2 Rd8 31. Rd3 Kh7 32. Rg1 g6 33. Qg2 Rg8 34. Qe4 Rg7 35.
Rdg3 Bd8 36. Rd3 Be7 37. Rdg3 Rf8 38. Rd3 a5 39. Rdg3 Rff7 40. R3g2 Rf8 41. Rg3
Qf5 42. Qxf5 Rxf5 43. Rd3 Bf8 44. Kg2 Rgf7 45. Re1 g5 46. e6 Rg7 47. fxg5 Rfxg5+
48. Kf3 Rg2 49. Be5 R7g6 50. Bf4 Be7 51. a4 Rc2 52. Re5 Kg7 53. Ke4 Rf2 54. Bg3
Rg2 55. Bf4 Rf2 56. Bg3 Rg2 57. Bf4 Rf2 1/2-1/2

[Event "European Hybrid Qual 2021"]
[Site "Tornelo INT"]
[Date "2021.05.29"]
[Round "3.2"]
[White "Predke, Alexandr"]
[Black "Nasuta, Grzegorz"]
[Result "1-0"]
[WhiteTitle "GM"]
[BlackTitle "GM"]
[WhiteElo "2690"]
[BlackElo "2512"]
[WhiteFideId "24107581"]
[BlackFideId "1141686"]
[EventDate "2021.05.24"]
[EventType "k.o."]

1. d4 Nf6 2. c4 g6 3. Nc3 Bg7 4. e4 d6 5. Be2 O-O 6. Be3 Nc6 7. d5 Ne5 8. Rc1 e6
9. f4 Ned7 10. dxe6 fxe6 11. Nh3 b6 12. O-O Bb7 13. Qc2 Qe7 14. Rce1 a6 15. Bf3
Rab8 16. Ng5 h6 17. Nh3 Qf7 18. e5 Ne8 19. Bg4 dxe5 20. fxe5 Qe7 21. Nf4 Nxe5
22. Nxg6 Nxg6 23. Qxg6 Rf6 24. Rxf6 Qxf6 25. Bxe6+ Kh8 26. Qxf6 Nxf6 27. Bf5 Ne8
28. Ne4 Bxe4 29. Bxe4 Nd6 30. Bd3 Re8 31. b3 Bc3 32. Re2 Kg7 33. Kf1 a5 34. Bf4
Rf8 35. g3 Bf6 36. Kg2 Rd8 37. Re3 Rd7 38. h4 Rf7 39. Re6 Nb7 40. Rc6 Nc5 41.
Bc2 Na6 42. Be4 Re7 43. Bxh6+ Kxh6 44. Rxf6+ Kg7 45. Rf4 Nc5 46. Kf3 Ne6 47.
Rg4+ Kf6 48. Bd5 Nc5 49. Rf4+ Kg7 50. g4 c6 51. Bxc6 Nd3 52. Re4 Ne5+ 53. Kf4
Nxc6 54. Rxe7+ Nxe7 55. Ke5 Nc6+ 56. Kd6 Nb4 57. a4 Na6 58. Kc6 Nc5 59. Kxb6
Nxb3 60. c5 Kf7 61. c6 Ke7 62. c7 Kd7 63. h5 Kc8 64. h6 Nd2 65. h7 Nc4+ 66. Kc5 1-0

[Event "European Hybrid Qual 2021"]
[Site "Tornelo INT"]
[Date "2021.05.28"]
[Round "3.1"]
[White "Mchedlishvili, Mikheil"]
[Black "Matlakov, Maxim"]
[Result "1/2-1/2"]
[WhiteTitle "GM"]
[BlackTitle "GM"]
[WhiteElo "2570"]
[BlackElo "2688"]
[WhiteFideId "13600966"]
[BlackFideId "4168003"]
[EventDate "2021.05.24"]
[EventType "k.o."]

1. d4 Nf6 2. c4 e6 3. Nf3 d5 4. Nc3 Bb4 5. cxd5 exd5 6. Bg5 h6 7. Bh4 O-O 8. e3
Bf5 9. Be2 Nbd7 10. Qb3 Qe7 11. O-O c6 12. Nd2 Rab8 13. Bg3 Bd6 14. Bxd6 Qxd6
15. Qa3 Qxa3 16. bxa3 b5 17. Nb3 Nb6 18. Rfc1 Rfc8 19. Nc5 a5 20. a4 Nxa4 21.
N3xa4 bxa4 22. Nxa4 Rb4 23. Bd1 Nd7 24. h3 Kf8 25. a3 1/2-1/2

[Event "European Hybrid Qual 2021"]
[Site "Tornelo INT"]
[Date "2021.05.29"]
[Round "3.2"]
[White "Matlakov, Maxim"]
[Black "Mchedlishvili, Mikheil"]
[Result "1/2-1/2"]
[WhiteTitle "GM"]
[BlackTitle "GM"]
[WhiteElo "2688"]
[BlackElo "2570"]
[WhiteFideId "4168003"]
[BlackFideId "13600966"]
[EventDate "2021.05.24"]
[EventType "k.o."]

1. e4 c5 2. Nf3 e6 3. c3 Nf6 4. e5 Nd5 5. d4 cxd4 6. cxd4 d6 7. Bc4 Be7 8. O-O
O-O 9. Qe2 Nc6 10. Nc3 Nxc3 11. bxc3 dxe5 12. dxe5 Qa5 13. Rb1 Rd8 14. Bd3 g6
15. Bf4 b6 16. Rfc1 Bb7 17. h4 Rac8 18. h5 Nb8 19. Be4 Bxe4 20. Qxe4 Qd5 21.
Qxd5 Rxd5 22. h6 Rc4 23. g3 Nc6 24. Kg2 f6 25. Rd1 Rxc3 26. Rbc1 Rxc1 27. Rxc1
Rc5 28. exf6 Bxf6 29. Rd1 Rd5 30. Rc1 Rc5 31. Rd1 Rd5 32. Rc1 Rc5 1/2-1/2

[Event "European Hybrid Qual 2021"]
[Site "Tornelo INT"]
[Date "2021.05.29"]
[Round "3.3"]
[White "Matlakov, Maxim"]
[Black "Mchedlishvili, Mikheil"]
[Result "1-0"]
[WhiteTitle "GM"]
[BlackTitle "GM"]
[WhiteElo "2688"]
[BlackElo "2570"]
[WhiteFideId "4168003"]
[BlackFideId "13600966"]
[EventDate "2021.05.24"]
[EventType "k.o."]

1. e4 c5 2. Nf3 e6 3. c3 Nf6 4. Bd3 d5 5. e5 Nfd7 6. Bc2 Nc6 7. d4 Be7 8. O-O b5
9. Re1 cxd4 10. cxd4 a5 11. Nc3 Ba6 12. Bf4 b4 13. Ne2 g5 14. Be3 g4 15. Nd2 Qb6
16. Rc1 Bb5 17. Nf4 h5 18. Nf1 O-O-O 19. Bb3 Kb7 20. Ng3 h4 21. Nf1 g3 22. fxg3
hxg3 23. Nxg3 Rh4 24. Bxd5 exd5 25. Nxd5 Qa6 26. Nf5 Ndxe5 27. Ndxe7 Re4 28. Qh5
Nd3 29. Nxc6 Bxc6 30. Qxf7+ Rd7 31. Nd6+ Ka7 32. Qf8 Nxe1 33. Rxe1 Qd3 34. Nxe4
Qxe4 35. d5+ 1-0

[Event "European Hybrid Qual 2021"]
[Site "Tornelo INT"]
[Date "2021.05.29"]
[Round "3.4"]
[White "Mchedlishvili, Mikheil"]
[Black "Matlakov, Maxim"]
[Result "1/2-1/2"]
[WhiteTitle "GM"]
[BlackTitle "GM"]
[WhiteElo "2570"]
[BlackElo "2688"]
[WhiteFideId "13600966"]
[BlackFideId "4168003"]
[EventDate "2021.05.24"]
[EventType "k.o."]

1. d4 Nf6 2. Bg5 d5 3. Bxf6 exf6 4. e3 Bd6 5. Nd2 O-O 6. g3 f5 7. Bg2 c6 8. Ne2
Be6 9. O-O Nd7 10. Rc1 Nf6 11. c4 h5 12. Qb3 Rb8 13. Qd3 g6 14. b3 h4 15. Nf4
hxg3 16. hxg3 Bxf4 17. exf4 Ne4 18. Nf3 Kg7 19. Ne5 f6 20. Nf3 dxc4 21. bxc4 b5
22. cxb5 cxb5 23. Nd2 Nxd2 24. Qxd2 Bd5 25. Rc5 Bxg2 26. Kxg2 Rb7 27. d5 b4 28.
Rd1 a5 29. Qc2 Rff7 30. Qa4 Qe7 31. Rc4 Qe2 32. Rdd4 Rb8 33. d6 Rh8 34. Qd1 Qxd1
35. Rxd1 Rd8 36. Rd5 Rb7 37. Rc6 a4 38. Rc7+ Rxc7 39. dxc7 Rc8 40. Rd7+ Kh6 41.
Rd4 b3 42. Rxa4 bxa2 43. Ra7 Rxc7 44. Rxa2 Kg7 1/2-1/2

[Event "European Hybrid Qual 2021"]
[Site "Tornelo INT"]
[Date "2021.05.28"]
[Round "3.1"]
[White "Fedoseev, Vladimir3"]
[Black "Salgado Lopez, Ivan"]
[Result "1-0"]
[WhiteTitle "GM"]
[BlackTitle "GM"]
[WhiteElo "2687"]
[BlackElo "2599"]
[WhiteFideId "24130737"]
[BlackFideId "2257327"]
[EventDate "2021.05.24"]
[EventType "k.o."]

1. d4 Nf6 2. c4 e6 3. g3 d5 4. Bg2 Be7 5. Nf3 O-O 6. O-O dxc4 7. Qc2 a6 8. a4
Bd7 9. Qxc4 Bc6 10. Bf4 Bd6 11. Nc3 Bxf4 12. gxf4 a5 13. Ne5 Bxg2 14. Kxg2 c6
15. e3 Na6 16. Kh1 Nd5 17. Rg1 f6 18. Nd3 Rf7 19. Ne4 Kh8 20. Rg3 Re7 21. Rag1
Ndb4 22. Nxb4 Nxb4 23. Qf1 Nd5 24. Qg2 Qg8 25. Qf3 Rd8 26. Nc5 Nb4 27. Rh3 f5
28. Qh5 Rde8 29. Nb3 h6 30. Rg6 Nd5 31. Qg5 Qh7 32. Qg1 Nf6 33. Nc5 b6 34. Nd3
c5 35. Ne5 Ng4 36. dxc5 bxc5 37. Rg3 Rd8 38. R3xg4 fxg4 39. Qxg4 Rd2 40. Qf3
Rxb2 41. Rg1 Re8 42. Ng6+ Kg8 43. f5 Rbb8 44. fxe6 Rxe6 45. Qd5 Kf7 46. Qf5+ Rf6
47. Ne5+ Kg8 48. Qxf6 1-0

[Event "European Hybrid Qual 2021"]
[Site "Tornelo INT"]
[Date "2021.05.29"]
[Round "3.2"]
[White "Salgado Lopez, Ivan"]
[Black "Fedoseev, Vladimir3"]
[Result "0-1"]
[WhiteTitle "GM"]
[BlackTitle "GM"]
[WhiteElo "2599"]
[BlackElo "2687"]
[WhiteFideId "2257327"]
[BlackFideId "24130737"]
[EventDate "2021.05.24"]
[EventType "k.o."]

1. c4 Nf6 2. Nc3 e5 3. Nf3 Nc6 4. e4 h6 5. a3 d6 6. d4 Bg4 7. d5 Nd4 8. Be3
Nxf3+ 9. gxf3 Bd7 10. f4 Ng4 11. Bd2 exf4 12. Bxf4 g5 13. Bg3 Bg7 14. Be2 Ne5
15. h4 Qf6 16. hxg5 hxg5 17. Rxh8+ Bxh8 18. Nb5 Kd8 19. Qb3 Bxb5 20. Qxb5 Nf3+
21. Kf1 Nd2+ 22. Kg2 Qxb2 23. Qxb2 Bxb2 24. Ra2 Bc3 25. f3 Nb3 26. Bd1 Nc5 27.
Kh3 Ke7 28. Kg4 Rg8 29. Rh2 Nd7 30. Bf2 Ne5+ 31. Kf5 Bd2 32. Bd4 Bf4 33. Bxe5
Bxe5 34. Rh5 Bf6 35. Rh6 Bb2 36. Rh2 Bxa3 0-1

[Event "European Hybrid Qual 2021"]
[Site "Tornelo INT"]
[Date "2021.05.28"]
[Round "3.1"]
[White "Pechac, Jergus"]
[Black "Teclaf, Pawel"]
[Result "1/2-1/2"]
[WhiteTitle "GM"]
[BlackTitle "IM"]
[WhiteElo "2519"]
[BlackElo "2502"]
[WhiteFideId "14926970"]
[BlackFideId "1185934"]
[EventDate "2021.05.24"]
[EventType "k.o."]

1. d4 e6 2. e4 d5 3. Nc3 Nf6 4. e5 Nfd7 5. f4 c5 6. Nf3 Be7 7. Be3 O-O 8. Qd2 b6
9. a3 Nc6 10. Be2 f5 11. dxc5 Nxc5 12. Nd4 Bd7 13. O-O Nxd4 14. Bxd4 Rc8 15. b4
Ne4 16. Nxe4 dxe4 17. c3 Ba4 18. Qa2 Qd7 19. g4 g6 20. h3 Rfe8 21. Kh2 Bf8 22.
gxf5 gxf5 23. Rg1+ Kh8 24. Bh5 Red8 25. Qf2 Qe7 26. Rg3 Bh6 27. Rag1 1/2-1/2

[Event "European Hybrid Qual 2021"]
[Site "Tornelo INT"]
[Date "2021.05.29"]
[Round "3.2"]
[White "Teclaf, Pawel"]
[Black "Pechac, Jergus"]
[Result "1/2-1/2"]
[WhiteTitle "IM"]
[BlackTitle "GM"]
[WhiteElo "2502"]
[BlackElo "2519"]
[WhiteFideId "1185934"]
[BlackFideId "14926970"]
[EventDate "2021.05.24"]
[EventType "k.o."]

1. c4 e5 2. d3 Bb4+ 3. Nd2 c5 4. g3 Nc6 5. Bg2 Nge7 6. a3 Ba5 7. Nf3 O-O 8. O-O
Bc7 9. Ne4 d6 10. Rb1 a5 11. Bd2 Bf5 12. b4 axb4 13. axb4 cxb4 14. Bxb4 Nxb4 15.
Rxb4 Bxe4 16. dxe4 Ra7 17. Qb3 Nc6 18. Rb5 Qe7 19. Rb1 Qe6 20. Qd3 b6 21. Qd5
Qe8 22. e3 Qa8 23. Ne1 Ne7 24. Qd1 Qc6 25. Rc1 Rfa8 26. Nd3 Ra4 27. Nb4 Qe8 28.
h4 R8a5 29. h5 h6 30. Bf1 Kf8 31. Qc2 Ra1 32. Kg2 Rxc1 33. Qxc1 Qc8 34. Nd5 Rxb5
35. cxb5 Bd8 36. Qxc8 Nxc8 37. Bc4 Ne7 38. Nb4 Ng8 39. Nd5 Nf6 40. Nxf6 Bxf6 41.
Kf1 d5 42. exd5 Be7 43. f4 f6 44. Ke2 Bc5 45. Kf3 Ke7 46. Ke4 Kd6 47. g4 exf4
48. exf4 Ke7 49. Kf5 Bd6 50. Bd3 Bc7 51. Be2 Bd6 52. Bd3 Bc7 53. Be2 Bd6 54. Bd3 1/2-1/2

[Event "European Hybrid Qual 2021"]
[Site "Tornelo INT"]
[Date "2021.05.29"]
[Round "3.3"]
[White "Teclaf, Pawel"]
[Black "Pechac, Jergus"]
[Result "1/2-1/2"]
[WhiteTitle "IM"]
[BlackTitle "GM"]
[WhiteElo "2502"]
[BlackElo "2519"]
[WhiteFideId "1185934"]
[BlackFideId "14926970"]
[EventDate "2021.05.24"]
[EventType "k.o."]

1. c4 e5 2. Nc3 Nf6 3. Nf3 Nc6 4. a3 g6 5. g3 Bg7 6. Bg2 O-O 7. d3 a5 8. O-O d6
9. Rb1 Ne7 10. b4 axb4 11. axb4 c6 12. b5 h6 13. Bb2 Be6 14. bxc6 bxc6 15. c5
Nf5 16. cxd6 Qxd6 17. e4 Nd4 18. Nxd4 exd4 19. Ne2 c5 20. Bc1 Ra2 21. Nf4 Nd7
22. Nxe6 Qxe6 23. f4 c4 24. dxc4 Qxc4 25. e5 Nc5 26. Rb2 Rd8 27. Rxa2 Qxa2 28.
Rf2 Qa1 29. Rd2 d3 30. Bb2 Qa7 31. Kh1 Qb6 32. Ba3 Bf8 33. Bxc5 Qxc5 34. Rxd3
Rxd3 35. Qxd3 Qf2 36. Bd5 Kg7 37. e6 Bc5 38. Qd1 fxe6 39. Bxe6 Qd4 40. Qe1 Bb4
41. Qe2 Bc5 42. Qe1 Bb4 43. Qb1 Qf2 44. Bh3 Qe1+ 45. Qxe1 Bxe1 46. Kg2 Kf6 47.
Kf3 Bb4 48. Bf1 Bc5 49. Bd3 Bg1 50. h4 Bc5 51. Kg4 Bf2 52. Kf3 Be1 53. Be4 1/2-1/2

[Event "European Hybrid Qual 2021"]
[Site "Tornelo INT"]
[Date "2021.05.29"]
[Round "3.4"]
[White "Pechac, Jergus"]
[Black "Teclaf, Pawel"]
[Result "0-1"]
[WhiteTitle "GM"]
[BlackTitle "IM"]
[WhiteElo "2519"]
[BlackElo "2502"]
[WhiteFideId "14926970"]
[BlackFideId "1185934"]
[EventDate "2021.05.24"]
[EventType "k.o."]

1. d4 e6 2. e4 d5 3. Nc3 Nf6 4. e5 Nfd7 5. f4 c5 6. Nf3 a6 7. Be3 Qb6 8. Na4
Qa5+ 9. c3 cxd4 10. b4 Qc7 11. Qxd4 a5 12. a3 Be7 13. Bb5 O-O 14. O-O Nc6 15.
Qd2 b6 16. Bd3 Bb7 17. Qf2 axb4 18. axb4 Bd8 19. Nd4 Nxd4 20. Bxd4 Bc6 21. b5
Bb7 22. Qe3 g6 23. g4 Re8 24. h4 Be7 25. f5 exf5 26. gxf5 Bf6 27. fxg6 fxg6 28.
Qf4 Bxe5 29. Qg4 Nc5 30. Nxc5 Rxa1 31. Rxa1 bxc5 32. b6 Qd6 33. Bb5 cxd4 34.
Bxe8 dxc3 35. Rf1 c2 36. Qe2 Qc5+ 37. Kg2 d4+ 38. Kh3 Qe7 39. Qc4+ Kh8 40. Bf7
Qa3+ 41. Qb3 c1=Q 42. Rxc1 Qxc1 0-1

[Event "European Hybrid Qual 2021"]
[Site "Tornelo INT"]
[Date "2021.05.28"]
[Round "3.1"]
[White "Demchenko, Anton"]
[Black "Anton Guijarro, David"]
[Result "1/2-1/2"]
[WhiteTitle "GM"]
[BlackTitle "GM"]
[WhiteElo "2599"]
[BlackElo "2673"]
[WhiteFideId "4160258"]
[BlackFideId "2285525"]
[EventDate "2021.05.24"]
[EventType "k.o."]

1. d4 Nf6 2. Nf3 d5 3. Bf4 e6 4. e3 Bd6 5. Ne5 O-O 6. Nd2 c5 7. c3 Qc7 8. Bd3
Nbd7 9. Ndf3 c4 10. Bc2 b5 11. a3 a5 12. g4 Ne4 13. g5 Rb8 14. Nxd7 Bxd7 15. Ne5
b4 16. axb4 axb4 17. Bxe4 dxe4 18. Qg4 Ra8 19. O-O b3 20. h4 Ra2 21. Rab1 f5 22.
gxf6 Rxf6 23. Kh1 Be8 24. Rg1 Rf5 1/2-1/2

[Event "European Hybrid Qual 2021"]
[Site "Tornelo INT"]
[Date "2021.05.29"]
[Round "3.2"]
[White "Anton Guijarro, David"]
[Black "Demchenko, Anton"]
[Result "1/2-1/2"]
[WhiteTitle "GM"]
[BlackTitle "GM"]
[WhiteElo "2673"]
[BlackElo "2599"]
[WhiteFideId "2285525"]
[BlackFideId "4160258"]
[EventDate "2021.05.24"]
[EventType "k.o."]

1. d4 Nf6 2. c4 g6 3. Nc3 Bg7 4. e4 d6 5. h3 O-O 6. Be3 e5 7. d5 Na6 8. g4 Nc5
9. f3 a5 10. Qd2 c6 11. Nge2 cxd5 12. cxd5 Bd7 13. Ng3 Rc8 14. h4 h5 15. gxh5
Nxh5 16. Nxh5 gxh5 17. O-O-O f5 18. Kb1 Kh8 19. Rg1 f4 20. Bxc5 Rxc5 21. a4 Bf6
22. Bb5 Bc8 23. Qh2 Rc7 24. Bf1 Rh7 25. Rh1 Rg7 26. Bh3 Bxh3 27. Qxh3 Qd7 28.
Qe6 Re7 29. Qf5 Qxf5 30. exf5 Rd7 31. Ne4 Be7 32. Rdg1 Rxf5 33. Rg6 Rf7 34. Kc2
Kh7 35. Re6 Rg7 36. Kd3 Rg2 37. b3 Rg6 38. Rxg6 Kxg6 39. Kc4 1/2-1/2

[Event "European Hybrid Qual 2021"]
[Site "Tornelo INT"]
[Date "2021.05.29"]
[Round "3.3"]
[White "Anton Guijarro, David"]
[Black "Demchenko, Anton"]
[Result "1/2-1/2"]
[WhiteTitle "GM"]
[BlackTitle "GM"]
[WhiteElo "2673"]
[BlackElo "2599"]
[WhiteFideId "2285525"]
[BlackFideId "4160258"]
[EventDate "2021.05.24"]
[EventType "k.o."]

1. d4 Nf6 2. c4 g6 3. Nc3 Bg7 4. e4 d6 5. h3 O-O 6. Be3 e5 7. d5 Na6 8. g4 c6 9.
Qd2 Bd7 10. f3 cxd5 11. cxd5 Nc5 12. h4 h5 13. g5 Nh7 14. Bh3 Rc8 15. Bxd7 Qxd7
16. O-O-O b5 17. Bxc5 Rxc5 18. Kb1 f6 19. gxf6 Bxf6 20. Nce2 Bd8 21. Nc1 Rc4 22.
Nb3 Qc7 23. Ne2 Kg7 24. Rdg1 Rxf3 25. Nc3 Rcxc3 26. bxc3 Qxc3 27. Qxc3 Rxc3 28.
Rc1 Rxc1+ 29. Kxc1 Nf6 30. Nd2 Ba5 31. Re1 Kh6 32. Kc2 Bxd2 33. Kxd2 g5 34.
hxg5+ Kxg5 35. Ke3 h4 36. Rg1+ Kh5 37. Kf3 Nh7 38. Rg7 Ng5+ 39. Kg2 Nxe4 40.
Rxa7 Kg4 41. Rb7 Nc3 42. Rb6 Kf4 43. Rxd6 Ke4 44. Kh3 Nxd5 45. Kxh4 Kd4 46. Kg3
e4 47. Kf2 b4 48. Rd8 Kc4 49. Rc8+ Kd3 50. Rd8 Kc4 51. Rc8+ Kb5 52. Re8 Nc3 53.
Ke3 Nxa2 54. Rb8+ Kc4 55. Rxb4+ Nxb4 56. Kxe4 1/2-1/2

[Event "European Hybrid Qual 2021"]
[Site "Tornelo INT"]
[Date "2021.05.29"]
[Round "3.4"]
[White "Demchenko, Anton"]
[Black "Anton Guijarro, David"]
[Result "1/2-1/2"]
[WhiteTitle "GM"]
[BlackTitle "GM"]
[WhiteElo "2599"]
[BlackElo "2673"]
[WhiteFideId "4160258"]
[BlackFideId "2285525"]
[EventDate "2021.05.24"]
[EventType "k.o."]

1. d4 Nf6 2. Nf3 d5 3. Bf4 e6 4. e3 Bd6 5. Ne5 O-O 6. Nd2 c5 7. c3 c4 8. Be2 Qc7
9. O-O Nbd7 10. Nxd7 Bxd7 11. Bxd6 Qxd6 12. Qc2 Bc6 13. Bf3 b5 14. a3 a5 15. e4
dxe4 16. Nxe4 Bxe4 17. Bxe4 Nxe4 18. Qxe4 Rab8 1/2-1/2

[Event "European Hybrid Qual 2021"]
[Site "Tornelo INT"]
[Date "2021.05.29"]
[Round "3.5"]
[White "Demchenko, Anton"]
[Black "Anton Guijarro, David"]
[Result "1/2-1/2"]
[WhiteTitle "GM"]
[BlackTitle "GM"]
[WhiteElo "2599"]
[BlackElo "2673"]
[WhiteFideId "4160258"]
[BlackFideId "2285525"]
[EventDate "2021.05.24"]
[EventType "k.o."]

1. e4 e5 2. Nf3 Nc6 3. Bc4 Bc5 4. d3 Nf6 5. Bg5 h6 6. Bh4 d6 7. c3 a6 8. Nbd2
Ba7 9. a4 g5 10. Bg3 Qe7 11. O-O Nd7 12. Kh1 Nf8 13. Ng1 h5 14. f3 Ng6 15. b4 h4
16. Bf2 Bxf2 17. Rxf2 Nf4 18. Nf1 Qf6 19. Ne3 Ne7 20. d4 Nh5 21. Ne2 Ng3+ 22.
Kg1 Nxe2+ 23. Bxe2 Ng6 24. Nd5 Qd8 25. dxe5 dxe5 26. a5 Be6 27. Bf1 Bxd5 28.
exd5 O-O 29. c4 Kg7 30. Qd2 f5 31. c5 Qf6 32. Rd1 Rad8 33. Qb2 Nf4 34. Bc4 Rfe8
35. b5 axb5 36. Qxb5 e4 37. fxe4 Rxe4 38. Bf1 Rd4 39. Re1 Nxd5 40. Qxb7 Rb4 41.
Qa7 Qd4 42. Qa6 Rb2 43. Re2 Rxe2 44. Qxe2 Rb8 45. a6 Rb1 46. Qd2 Qxd2 47. Rxd2
Ne3 48. Kf2 Rxf1+ 49. Kxe3 Ra1 50. Rd7+ Kf6 51. Rxc7 Rxa6 52. c6 Ke5 53. Rc8
Ra3+ 54. Kd2 Ra2+ 55. Kc3 Kd6 56. c7 Rxg2 57. h3 g4 58. hxg4 fxg4 59. Rh8 Kxc7
60. Rxh4 Kd6 61. Kd4 Ke6 62. Ke4 Kf6 63. Kf4 Kg6 64. Rh8 Kf6 65. Rg8 Kf7 66. Rg5
Kf6 67. Ra5 Kf7 68. Ra6 Ke7 69. Rb6 Kd7 70. Rf6 Ke7 71. Rg6 Kf7 72. Rxg4 Rxg4+
73. Kxg4 1/2-1/2

[Event "European Hybrid Qual 2021"]
[Site "Tornelo INT"]
[Date "2021.05.28"]
[Round "3.1"]
[White "Savchenko, Boris"]
[Black "Berkes, Ferenc"]
[Result "1/2-1/2"]
[WhiteTitle "GM"]
[BlackTitle "GM"]
[WhiteElo "2538"]
[BlackElo "2673"]
[WhiteFideId "4147332"]
[BlackFideId "718572"]
[EventDate "2021.05.24"]
[EventType "k.o."]

1. Nf3 d5 2. g3 Nf6 3. Bg2 c6 4. O-O Bg4 5. d3 e6 6. Qe1 Be7 7. Ne5 Bh5 8. f4
Nbd7 9. Nxd7 Nxd7 10. h3 f5 11. e4 O-O 12. a3 Kh8 13. Be3 fxe4 14. dxe4 Bc5 15.
b4 Bb6 16. c4 dxc4 17. Nd2 Bxe3+ 18. Qxe3 b5 19. e5 Nb6 20. Bxc6 Nd5 21. Qf2 Rb8
22. Qxa7 Nxb4 23. axb4 Qxd2 24. g4 Bg6 25. Rad1 Qc3 26. f5 exf5 27. e6 Qg3+ 28.
Bg2 fxg4 29. e7 Rxf1+ 30. Rxf1 Rg8 31. Rf8 Qe1+ 32. Bf1 Qg3+ 33. Bg2 Qe1+ 34.
Bf1 Qg3+ 35. Bg2 1/2-1/2

[Event "European Hybrid Qual 2021"]
[Site "Tornelo INT"]
[Date "2021.05.29"]
[Round "3.2"]
[White "Berkes, Ferenc"]
[Black "Savchenko, Boris"]
[Result "0-1"]
[WhiteTitle "GM"]
[BlackTitle "GM"]
[WhiteElo "2673"]
[BlackElo "2538"]
[WhiteFideId "718572"]
[BlackFideId "4147332"]
[EventDate "2021.05.24"]
[EventType "k.o."]

1. d4 Nf6 2. c4 g6 3. Nc3 d5 4. e3 Bg7 5. cxd5 Nxd5 6. Nxd5 Qxd5 7. Ne2 c5 8.
Nc3 Qd8 9. d5 O-O 10. Be2 e6 11. e4 exd5 12. exd5 b6 13. Bf4 Bb7 14. Qd2 Re8 15.
O-O-O a6 16. Rhe1 Nd7 17. d6 Bxg2 18. f3 Nf6 19. Bg5 Qd7 20. Qf4 Nh5 21. Qg4
Qxg4 22. fxg4 Bf6 23. h4 Bxg5+ 24. hxg5 Nf4 25. d7 Red8 26. Bxa6 Bf3 27. Bc8 Ne6
28. Rd6 Bxg4 29. a4 Kg7 30. Rxb6 Nf8 31. a5 Nxd7 32. Bxd7 Rxd7 33. Rb5 Rda7 34.
Re5 Rxa5 35. Rxa5 Rxa5 36. b4 Ra1+ 37. Kb2 Ra7 38. Rxc5 f6 39. b5 fxg5 40. Rxg5
h5 41. Kb3 Bf3 42. Rg3 Rf7 43. b6 h4 44. Rh3 g5 45. Kc4 Kg6 46. Nd5 Kh5 47. Rh2
g4 48. Rb2 g3 49. b7 Rxb7 50. Rxb7 Bxd5+ 51. Kxd5 g2 52. Rg7 h3 53. Ke4 h2 54.
Kf5 Kh6 55. Rg6+ Kh7 56. Rxg2 h1=Q 57. Rg3 Qd5+ 58. Kf4 Kh6 59. Rh3+ Kg6 60.
Rg3+ Kf6 61. Ke3 Kf5 62. Rf3+ Ke5 63. Rg3 Qb3+ 64. Kf2 Qc2+ 65. Ke3 Qc3+ 66. Kf2
Qd2+ 67. Kf3 Kf5 68. Rh3 Qd3+ 69. Kg2 Qe2+ 70. Kg3 Kg5 71. Rh2 Qe3+ 72. Kg2 Kg4
73. Kf1 Qc1+ 74. Kf2 Qd2+ 75. Kg1 Qe1+ 76. Kg2 Qe5 77. Kg1 Kg3 78. Rg2+ Kh3 0-1

[Event "European Hybrid Qual 2021"]
[Site "Tornelo INT"]
[Date "2021.05.28"]
[Round "3.1"]
[White "Jobava, Baadur"]
[Black "Gumularz, Szymon"]
[Result "0-1"]
[WhiteTitle "GM"]
[BlackTitle "IM"]
[WhiteElo "2603"]
[BlackElo "2517"]
[WhiteFideId "13601520"]
[BlackFideId "1188062"]
[EventDate "2021.05.24"]
[EventType "k.o."]

1. d4 Nf6 2. c4 e6 3. Nc3 Bb4 4. e3 O-O 5. Bd3 d5 6. Nf3 dxc4 7. Bxc4 c5 8. O-O
cxd4 9. exd4 b6 10. Qe2 Bb7 11. Rd1 h6 12. Bf4 Bxc3 13. bxc3 Nd5 14. Bxd5 Qxd5
15. c4 Qf5 16. Bd6 Rc8 17. Ne5 Nc6 18. Ng4 Ba6 19. Ne3 Qe4 20. f4 0-1

[Event "European Hybrid Qual 2021"]
[Site "Tornelo INT"]
[Date "2021.05.29"]
[Round "3.2"]
[White "Gumularz, Szymon"]
[Black "Jobava, Baadur"]
[Result "0-1"]
[WhiteTitle "IM"]
[BlackTitle "GM"]
[WhiteElo "2517"]
[BlackElo "2603"]
[WhiteFideId "1188062"]
[BlackFideId "13601520"]
[EventDate "2021.05.24"]
[EventType "k.o."]

1. d4 d5 2. c4 dxc4 3. Nf3 c6 4. e3 Be6 5. a4 Nf6 6. Na3 Bd5 7. Nxc4 e6 8. Be2
c5 9. O-O Nc6 10. b3 Qc7 11. Bb2 Rd8 12. Qc1 Be7 13. dxc5 O-O 14. Ncd2 e5 15.
Qc3 Be6 16. Rad1 Nd5 17. Qc1 Ndb4 18. Qb1 f6 19. Rc1 Kh8 20. Ne4 Qc8 21. Ng3
Bxb3 22. Nf5 Ba2 23. Nxe7 Nxe7 24. Qe4 Nec6 25. Rfd1 Bd5 26. Qb1 Na2 27. Rxd5
Nxc1 28. Bc4 Rxd5 29. Bxd5 Rd8 30. Qe4 Qe6 0-1